000 00535nam a2200181Ia 4500
005 20250326125212.0
008 250326s9999 xx 000 0 und d
037 _aTextbook
040 _aFMSL
_beng
_cFMSL
041 _aeng
_2eng
084 _aX411:8 L6
_qFMSL
100 _aSharma S
_9124666
245 0 _aProductivity in road transport
_cSharma S
260 _aNew Delhi
_bNew Delhi, Association Of State Road Transport Undertakings
_c1976
300 _a280p
942 _cTB
_hX411:8 L6
999 _c1276989
_d1276989